Engineering ethics: concepts and cases / (Record no. 9932)
[ view plain ]
| 000 -LEADER | |
|---|---|
| fixed length control field | 00831 a2200217 4500 |
| 020 ## - INTERNATIONAL STANDARD BOOK NUMBER | |
| International Standard Book Number | 0534533973 |
| 040 ## - CATALOGING SOURCE | |
| Original cataloging agency | DLC |
| Language of cataloging | DLC |
| 082 ## - DEWEY DECIMAL CLASSIFICATION NUMBER | |
| Classification number | 174.962 |
| Author Mark | HAR |
| 100 1# - MAIN ENTRY--PERSONAL NAME | |
| Personal name | Harris, C. E. |
| 9 (RLIN) | 95607 |
| 245 10 - TITLE STATEMENT | |
| Title | Engineering ethics: concepts and cases / |
| Statement of responsibility, etc. | Charles E. Harris, Jr., Michael S. Pritchard, Michael J. Rabins |
| 250 ## - EDITION STATEMENT | |
| Edition statement | 2nd ed. |
| 260 ## - PUBLICATION, DISTRIBUTION, ETC. | |
| Place of publication, distribution, etc. | India : |
| Name of publisher, distributor, etc. | Thomson Business Information India, |
| Date of publication, distribution, etc. | c2000. |
| 300 ## - PHYSICAL DESCRIPTION | |
| Extent | xx, 377 p. : |
| Other physical details | ill. ; |
| Dimensions | 24 cm. |
| 538 ## - SYSTEM DETAILS NOTE | |
| System details note | System requirements for accompanying computer disc: Windows 95 or higher and an Internet browser. |
| 650 #0 - SUBJECT ADDED ENTRY--TOPICAL TERM | |
| Topical term or geographic name entry element | Engineering ethics. |
| 9 (RLIN) | 37134 |
| 650 #0 - SUBJECT ADDED ENTRY--TOPICAL TERM | |
| Topical term or geographic name entry element | Engineering ethics |
| 9 (RLIN) | 37134 |
| 700 1# - ADDED ENTRY--PERSONAL NAME | |
| Personal name | Pritchard, Michael S. |
| 9 (RLIN) | 95609 |
| 700 1# - ADDED ENTRY--PERSONAL NAME | |
| Personal name | Rabins, Michael J. |
| Dates associated with a name | 1932- |
| 9 (RLIN) | 95610 |
| 856 ## - ELECTRONIC LOCATION AND ACCESS | |
| Uniform Resource Identifier | <a href="http://10.250.8.41:8080/xmlui/handle/123456789/46458">http://10.250.8.41:8080/xmlui/handle/123456789/46458</a> |
| 942 ## - ADDED ENTRY ELEMENTS (KOHA) | |
| Koha item type | Book |
| Call number prefix | 174.962 HAR |
| Source of classification or shelving scheme | |
| Withdrawn status | Lost status | Damaged status | Not for loan | Collection code | Permanent Location | Current Location | Shelving location | Date acquired | Source of acquisition | Cost, normal purchase price | Total Checkouts | Full call number | Barcode | Date last seen | Date last checked out | Price effective from | Koha item type | Source of classification or shelving scheme |
|---|---|---|---|---|---|---|---|---|---|---|---|---|---|---|---|---|---|---|
| Central Library (CL) | Central Library (CL) | General Stacks | 04/16/2008 | Academic Book company | 353.70 | 4 | 174.962 HAR | SEECS008981 | 02/06/2025 | 12/31/2019 | 01/05/2017 | Book | ||||||
| Central Library (CL) | Central Library (CL) | 09/11/2024 | 280 SCB | SCB-8981 | 09/11/2024 | 09/11/2024 | Book |
